| Tag |
First Indicator |
Second Indicator |
Subfields |
| LEADER |
00000cam a2200000La 4500 |
| 001 |
in00003511221 |
| 006 |
m o d |
| 007 |
cr cn||||||||| |
| 008 |
001122s1995 ne ab ob 000 0 eng d |
| 005 |
20260421180115.4 |
| 019 |
|
|
|a 55045782
|a 66742883
|a 228375808
|a 556277297
|a 612000915
|
| 020 |
|
|
|a 0585315604
|q (electronic bk.)
|
| 020 |
|
|
|a 9780585315607
|q (electronic bk.)
|
| 020 |
|
|
|z 0792318870
|
| 020 |
|
|
|z 9780792318873
|
| 035 |
|
|
|a (OCoLC)45731804
|z (OCoLC)55045782
|z (OCoLC)66742883
|z (OCoLC)228375808
|z (OCoLC)556277297
|z (OCoLC)612000915
|
| 040 |
|
|
|a N$T
|b eng
|e pn
|c N$T
|d OCL
|d OCLCQ
|d YDXCP
|d OCLCG
|d NLGGC
|d OCLCQ
|d E7B
|d GBT
|d OCLCQ
|d TUU
|d OCLCQ
|d TNF
|d OCLCQ
|d EBLCP
|d UAB
|d BRK
|d OUN
|d IDEBK
|d OCLCQ
|d GW5XE
|d OCLCF
|d OCLCQ
|d UtOrBLW
|
| 049 |
|
|
|a TXAM
|
| 050 |
|
4 |
|a RA566
|b .A33 1995eb
|
| 072 |
|
7 |
|a MED
|x 037000
|2 bisacsh
|
| 072 |
|
7 |
|a MED
|x 028000
|2 bisacsh
|
| 082 |
0 |
4 |
|a 614.4/2/0285
|2 20
|
| 245 |
0 |
4 |
|a The Added value of geographical information systems in public and environmental health /
|c edited by Marion J.C. De Lepper, Henk J. Scholten and Richard M. Stern.
|
| 264 |
|
1 |
|a Dordrecht ;
|a Boston :
|b Kluwer Academic Publishers,
|c [1995]
|
| 264 |
|
4 |
|c ©1995
|
| 300 |
|
|
|a 1 online resource (xxix, 355 pages) :
|b illustrations, maps (some color).
|
| 336 |
|
|
|a text
|b txt
|2 rdacontent
|
| 337 |
|
|
|a computer
|b c
|2 rdamedia
|
| 338 |
|
|
|a online resource
|b cr
|2 rdacarrier
|
| 490 |
1 |
|
|a The GeoJournal library ;
|v v. 24
|
| 500 |
|
|
|a "Published on behalf of the World Health Organization Regional Office for Europe."
|
| 504 |
|
|
|a Includes bibliographical references.
|
| 505 |
0 |
|
|a 1. Environment and health data in Europe as a tool for risk management: needs, uses and strategies / Richard M. Stern -- 2. Indicators of public health and environmental quality / Erik Lebret -- 3. Meta-information systems for environment and health / Jan A. Bakkes -- 4. An introduction to geographical information systems / Henk J. Scholten and Marion J.C. de Lepper -- 5. The integration of information in geographical information systems / Arthur U.C.J. van Beurden and Marion J.C. de Lepper -- 6. Organizational aspects of geographical information systems / David W. Heath -- 7. Data aspects of geographical information systems / J. Maes and M.H. Cornaert -- 8. Spatial analysis in health research / Wim Douven and Henk J. Scholten -- 9. Strategies for the use of geography in epidemiological analysis / Andrew Westlake.
|
| 588 |
0 |
|
|a Print version record.
|
| 520 |
|
|
|a This book is one of the first to introduce the potential of the new and rapidly developing GIS technology in the field of public and environmental health. Contributions include papers originally presented in December 1990 at a meeting at the National Institute of Public Health and Environmental Protection in Bilthoven, the Netherlands, convened by the World Health Organization Regional Office for Europe to discuss the development of a Health and Environment Geographical Information System for the European Region. The contributors form a wide-ranging group of international experts and include leading researchers in the field of health and environment, prominent GIS experts and representatives of government agencies. This book brings together a balanced sample of written work that covers important aspects of the principles involved in GIS as well as demonstrating the opportunities which the use of GIS can offer to research and planning in the fields of public and environmental health. In addition, contributions focus on the demand and supply of spatial information in public and environmental health. As an illustration of the work being undertaken, some examples of current applications are provided, followed by a discussion on the possibilities of spatial analysis for research and planning in the fields. This book also addresses issues related to the implementation of GIS at both national and international levels. The volume not only provides a very good introduction to the state-of-the-art and developments in the application of GIS in public and environmental health; it can also be regarded as a seedbed for future research efforts. For students and teachers of GIS as well as for researchers, planners, policymakers and other professionals who wish to learn more about GIS and are concerned with the application, implementation and use of GIS in public and environmental health.
|
| 500 |
|
|
|a Electronic resource.
|
| 650 |
|
0 |
|a Environmental health
|x Data processing.
|
| 650 |
|
0 |
|a Public health
|x Data processing.
|
| 650 |
|
0 |
|a Geographic information systems
|x Economic aspects.
|
| 650 |
1 |
2 |
|a Public Health
|x methods.
|
| 650 |
1 |
2 |
|a Information Systems
|x economics.
|
| 650 |
2 |
2 |
|a Environmental Health.
|
| 650 |
|
4 |
|a Health.
|
| 650 |
|
4 |
|a Social Science.
|
| 650 |
|
4 |
|a Environmental Studies.
|
| 650 |
|
4 |
|a Medicine.
|
| 650 |
|
7 |
|a MEDICAL
|x Health Risk Assessment.
|2 bisacsh
|
| 650 |
|
7 |
|a MEDICAL
|x Epidemiology.
|2 bisacsh
|
| 650 |
|
7 |
|a Environmental health
|x Data processing.
|2 fast
|0 (OCoLC)fst00913004
|
| 650 |
|
7 |
|a Geographic information systems
|x Economic aspects.
|2 fast
|0 (OCoLC)fst00940429
|
| 650 |
|
7 |
|a Public health
|x Data processing.
|2 fast
|0 (OCoLC)fst01082254
|
| 655 |
|
7 |
|a Electronic books.
|2 local
|
| 700 |
1 |
|
|a Lepper, Marion J. C. de.
|
| 700 |
1 |
|
|a Scholten, H. J.
|q (Henk J.)
|
| 700 |
1 |
|
|a Stern, Richard M.
|
| 710 |
2 |
|
|a SpringerLink (Online service)
|
| 710 |
2 |
|
|a World Health Organization.
|b Regional Office for Europe.
|
| 776 |
1 |
8 |
|i Print version:
|t Added value of geographical information systems in public and environmental health.
|d Dordrecht ; Boston : Kluwer Academic Publishers, ©1995
|z 0792318870
|w (DLC) 93039559
|w (OCoLC)29361391
|
| 830 |
|
0 |
|a GeoJournal library ;
|v v. 24.
|
| 856 |
4 |
0 |
|u http://proxy.library.tamu.edu/login?url=https://link.springer.com/10.1007/978-0-585-31560-7
|z Connect to the full text of this electronic book
|t 0
|
| 994 |
|
|
|a 92
|b TXA
|
| 999 |
|
|
|a MARS
|
| 999 |
f |
f |
|s 077b6fd1-2ce0-3ccb-a267-eb498d19a338
|i 125d366e-472f-3c9c-8fb4-b635886c2b68
|t 0
|
| 952 |
f |
f |
|a Texas A&M University
|b College Station
|c Electronic Resources
|s www_evans
|d Available Online
|t 0
|e RA566 .A33 1995eb
|h Library of Congress classification
|
| 998 |
f |
f |
|a RA566 .A33 1995eb
|t 0
|l Available Online
|